000 00432nam a2200181Ia 4500
001 18031
005 20260306171600.0
008 260306s9999||||xx |||||||||||||| ||und||
041 _aESP
082 _a658.32
_bR61
100 _aRimsky, Tolo M.
_eAUT
245 0 _aAdministración de la remuneración total
260 _c2005
300 _a538 páginas :
_ccm.
650 _aGEN
654 _aCAN
942 _cLIB
_dJUS
_fJUS
_2ddc
_n
999 _c18031
_d18031